[Event "RSA-ch U20"]
[Site "Cape Town"]
[Date "2019.12.08"]
[Round "2"]
[White "Flores Bartoli, Andrew"]
[Black "Govender, Yaduvir"]
[Result "1/2-1/2"]
[WhiteElo "1606"]
[BlackElo "1615"]
[PlyCount "74"]
[EventDate "2019.12.07"]
[EventType "tourn"]
[EventRounds "11"]
[EventCountry "RSA"]
[SourceTitle "CBM 193 Extra"]
[Source "ChessBase"]
[SourceDate "2020.01.31"]
[SourceVersion "1"]
[SourceVersionDate "2020.01.31"]
[SourceQuality "1"]

1. e4 c5 2. Nf3 Nc6 3. Bb5 g6 4. 0-0 Bg7 5. c3 Nf6 6. Re1 0-0 7. d4 d5 8. e5 Ne8 9. h3 cxd4 10. cxd4 Nc7 11. Bxc6 bxc6 12. Nc3 Ne6 13. Ng5 Nc7 14. Be3 h6 15. Nf3 Ne6 16. Qd2 Kh7 17. Na4 Rb8 18. Rac1 Bd7 19. Nc5 Nxc5 20. Rxc5 Qb6 21. b3 Rfc8 22. Rec1 e6 23. Nh2 Qb4 24. R5c3 h5 25. g4 Qe7 26. gxh5 gxh5 27. Bg5 f6 28. Bh4 Qf7 29. Bxf6 Bxf6 30. exf6 Qxf6 31. Rg3 e5 32. dxe5 Qxe5 33. Nf3 Qf6 34. Ng5+ Kh8 35. Nf7+ Kh7 36. Ng5+ Kh8 37. Nf7+ Kh7 1/2-1/2

[Event "RSA-ch U20"]
[Site "Cape Town"]
[Date "2019.12.08"]
[Round "3"]
[White "Govender, Yaduvir"]
[Black "Agulhas, Keegan"]
[Result "1/2-1/2"]
[WhiteElo "1615"]
[BlackElo "2020"]
[PlyCount "156"]
[EventDate "2019.12.07"]
[EventType "tourn"]
[EventRounds "11"]
[EventCountry "RSA"]
[SourceTitle "CBM 193 Extra"]
[Source "ChessBase"]
[SourceDate "2020.01.31"]
[SourceVersion "1"]
[SourceVersionDate "2020.01.31"]
[SourceQuality "1"]

1. e4 c5 2. Nf3 e6 3. d4 cxd4 4. Nxd4 a6 5. Bd3 Nf6 6. 0-0 Qc7 7. Qe2 d6 8. f4 Nbd7 9. c4 Be7 10. b3 b6 11. Bb2 Bb7 12. Nc3 0-0 13. Rae1 Rfd8 14. Bb1 Nf8 15. Kh1 Rac8 16. Nc2 Rd7 17. Ne3 Ng6 18. Rc1 Qd8 19. Rcd1 d5 20. exd5 exd5 21. Ncxd5 Nxd5 22. Nxd5 Bf8 23. Be4 Bxd5 24. Bxd5 Qc7 25. f5 Nf4 26. Qf3 Nxd5 27. Rxd5 Rxd5 28. Qxd5 Rd8 29. Qe5 Qc6 30. Qf4 Re8 31. Qd2 Qe4 32. Bc3 Qg4 33. Qd4 Qe2 34. Qf2 Qd3 35. Re1 Rxe1+ 36. Qxe1 Qxf5 37. Bd4 Qg6 38. Bg1 h5 39. b4 Qc2 40. Bxb6 Qxc4 41. a3 Bd6 42. Bg1 h4 43. Qe3 Kh7 44. Qg5 g6 45. Qf6 Bc7 46. Qf3 Bd8 47. a4 Kg7 48. b5 axb5 49. axb5 Qxb5 50. Bd4+ Kg8 51. Qa8 Qf1+ 52. Bg1 Qd1 53. Qf3 Qb1 54. Qa8 Qd1 55. Qf3 Qa1 56. Qe3 Bf6 57. h3 Kg7 58. Qf2 g5 59. Qe3 Qf1 60. Qf2 Qd1 61. Qf3 Qb1 62. Qe3 Kg6 63. Qf2 Be5 64. Qb6+ Qxb6 65. Bxb6 Bg3 66. Kg1 Kf5 67. Bd8 Bf4 68. Kf1 Ke4 69. Ke2 Be3 70. Be7 Bf4 71. Bd8 Kd5 72. Kf3 Ke6 73. Bb6 Kf6 74. Bf2 Kg6 75. Bxh4 gxh4 76. Kxf4 Kf6 77. g4 hxg3 78. Kxg3 Kg5 1/2-1/2

[Event "RSA-ch U20"]
[Site "Cape Town"]
[Date "2019.12.07"]
[Round "1"]
[White "Govender, Yaduvir"]
[Black "Oosthuizen, Michal Jacobus"]
[Result "1-0"]
[WhiteElo "1615"]
[BlackElo "1792"]
[PlyCount "127"]
[EventDate "2019.12.07"]
[EventType "tourn"]
[EventRounds "11"]
[EventCountry "RSA"]
[SourceTitle "CBM 193 Extra"]
[Source "ChessBase"]
[SourceDate "2020.01.31"]
[SourceVersion "1"]
[SourceVersionDate "2020.01.31"]
[SourceQuality "1"]

1. e4 c5 2. Nf3 d6 3. d4 cxd4 4. Qxd4 a6 5. Be3 e5 6. Qd2 h6 7. Nc3 Nf6 8. 0-0-0 Qc7 9. h3 Nbd7 10. Nh2 b5 11. Ng4 Bb7 12. f3 Rc8 13. Kb1 b4 14. Nxf6+ gxf6 15. Ne2 Nb6 16. Ng3 Nc4 17. Bxc4 Qxc4 18. Nf5 Rc6 19. Bf2 a5 20. Bh4 Qe6 21. Qd5 Rg8 22. g4 Kd7 23. Qxa5 Qc4 24. Qa4 Be7 25. Qb3 Qxb3 26. cxb3 Ba6 27. Rd2 Rgc8 28. Rhd1 Bb5 29. Ne3 h5 30. Nd5 hxg4 31. hxg4 Rh8 32. Bxf6 Bxf6 33. Nxf6+ Ke6 34. Nd5 Rh3 35. Nxb4 Rb6 36. Nd5 Rc6 37. a4 Ba6 38. Nb4 Rb6 39. Nxa6 Rxa6 40. Rd3 Rh8 41. Ka2 Rb8 42. Ka3 Rab6 43. Rc1 Kd7 44. Rc4 Kd8 45. a5 Rb5 46. b4 Ke7 47. Ka4 Ke6 48. b3 f6 49. Rd2 Kd7 50. Rd5 R5b7 51. b5 Ra7 52. a6 Rba8 53. Ka5 Ke7 54. Rc6 Kd7 55. Rdxd6+ Ke7 56. Rxf6 Ke8 57. Rfe6+ Kd7 58. Rxe5 Kd8 59. Rh5 Kd7 60. Rg6 Re8 61. Rh7+ Re7 62. Rxe7+ Kxe7 63. Rg7+ Kd8 64. Rxa7 1-0